| 000 | 00879nam a2200241 u 4500 | ||
|---|---|---|---|
| 001 | 66469 | ||
| 005 | 20180714074233.0 | ||
| 008 | 150122s2015 mx a r 000 0 spa d | ||
| 020 | _a9789700771016 | ||
| 041 | 0 | _aspa | |
| 082 | 0 |
_a320.5 _bMAC |
|
| 100 | 1 |
_aMachiavelli, Niccoló, _d1469-1527 _eautor |
|
| 245 | 1 | 3 |
_aEl príncipe / _cNicolás Maquiavelo. |
| 250 | _aPrimera edición. | ||
| 264 | 1 |
_aMéxico : _bEditorial Porrúa, _c2015 |
|
| 300 |
_aliv, 74 páginas : _bilustraciones ; _c22 cm. |
||
| 336 |
_atexto _2rdacontent |
||
| 337 |
_asin mediación _2rdamedia |
||
| 338 |
_avolumen _2rdacarrier |
||
| 490 | 0 |
_aColección Sepan Cuantos _v152 |
|
| 505 | 0 | _a5° centenario por aparición de la obra El príncipe, Lorenzo Córdova Vianello ; 5° centenario del nacimiento de Nicolás Maquiavelo, Antonio Gómez Robledo. | |
| 650 | 4 | _aCiencias políticas | |
| 999 |
_c66469 _d66469 |
||